| 000 | 00452nam a2200169Ia 4500 | ||
|---|---|---|---|
| 003 | LK-CoDNM | ||
| 005 | 20240730122443.0 | ||
| 008 | 010623t1912 xxu||||| |||| 00| 1 eng d | ||
| 040 |
_aLK-CoDNM _dLK-CoDNM _eLK-CoDNM |
||
| 041 | _aeng | ||
| 080 |
_a8 _bII10 |
||
| 100 | _aIyer,L.K.Anantha Krishna. | ||
| 245 | _aThe Cochin Tribes and Castes | ||
| 260 |
_bHigginbotham and Company _aLondon _c1912 |
||
| 300 | _bxxiii, 504p. : ill ; 24 cm | ||
| 942 | _cBK | ||
| 999 |
_c87568 _d87568 |
||